Kształty państw pod wodą - Statystyki

Ogólne statystyki
  • Ten quiz został rozwiązany 3 822 razy
  • Średni wynik to 9 z 12
Odpowiedzi na mapie
Odpowiedzi zakodowano w zielono-czerwonej skali na mapie do tego quizu, zgodnie z poniższymi procentami.
 
Statystyki odpowiedzi
Odpowiedź % Poprawnych
Norwegia
93%
Austria
89%
Wietnam
87%
Maroko
85%
Mali
81%
Mongolia
81%
Papua Nowa Gwinea
81%
Peru
73%
Panama
67%
Portugalia
65%
Iran
62%
Algieria
55%
Nie znaleziono quizów pasujących do podanych kryteriów
Rozkład punktacji
Procent ludzi z każdym wynikiem
Percentyl według liczby udzielonych odpowiedzi
Twoja historia wyników
Nie rozwiązałeś tego quizu